| 000 | 00572nam a22001697a 4500 | ||
|---|---|---|---|
| 003 | BD-ChCU | ||
| 005 | 20260506090611.0 | ||
| 008 | 260506b bg ||||| |||| 00| 0 ben d | ||
| 040 | _cBD-ChCU | ||
| 082 | _a330.954 TRR | ||
| 100 |
_aTrevelyan , Charles E. _922432 |
||
| 245 |
_aReport upon the inland customs and town duties of the Bengal Presidency town duties of the Bengal presidency ./ _cCharles E. Trevelyan . |
||
| 260 |
_aIndia : _bAcademic pub . _cC 1976 |
||
| 300 | _aviii , 495p. | ||
| 650 | 0 |
_aBangladesh - Economic Conditions . _922433 |
|
| 942 |
_2ddc _cBK _n0 |
||
| 999 |
_c112697 _d112697 |
||